Piłka nożna - Liverpool - nagła śmierć - Statystyki

Ogólne statystyki
  • Ten quiz został rozwiązany 1 495 razy
  • Średni wynik to 29 z 40
Answers on the Grid
Answers color-coded by a green-red scale on the quiz's grid according to % correct below.
Mohamed Salah
Steven Gerrard
Virgi van Dijk
Paul Scholes
Andrew Robertson
Diogo Jota
Frank Lampard
Gennaro Gattuso
Peter Crouch
Roberto Firmino
Sadio Mane
Arda Guler
Georgino Wijnaldum
Jordan Henderson
Luis Diaz
Joel Matip
Jude Bellingham
Fabinho
Raheem Sterling
Luis Suarez
Lionel Messi
Cristiano Ronaldo
Trent Alexander- Arnold
Adam Lallana
Bernardo Silva
Jerzy Dudek
Nani
Patrick Vieira
Alisson
Loris Karius
Pepe Reina
David Beckham
Thierry Henry
Philippe Coutinho
Zlatan Ibrahimović
Michael Owen
Didier Drogba
Ronaldinho
Harvey Elliot
Curtis Jones
Thiago Alcantara
Naby Keita
Divock Origi
Dries Mertens
Eden Hazard
Darwin Nunez
Dominik Szoboszlai
Alexis Mac Allister
Julian Alvarez
Romelu Lukaku
Cody Gakpo
Ibrahima Konate
Harry Kane
Joe Gomez
Federico Chiesa
Gary Neville
Jamie Carragher
Kaka
Pele
Dejan Lovren
Ryan Giggs
Ronaldo Nazario
Ruud Gullit
Kenny Dalglish
Ian Rush
Antoine Griezmann
Jules Kounde
Nathaniel Clyne
 
Statystyki odpowiedzi
Odpowiedź % Poprawnych
Mohamed Salah
97%
Virgi van Dijk
96%
Steven Gerrard
95%
Diogo Jota
90%
Andrew Robertson
88%
Sadio Mane
82%
Roberto Firmino
81%
Trent Alexander- Arnold
81%
Luis Diaz
80%
Fabinho
79%
Georgino Wijnaldum
79%
Jerzy Dudek
79%
Joel Matip
78%
Jordan Henderson
78%
Alisson
77%
Luis Suarez
77%
Darwin Nunez
74%
Philippe Coutinho
74%
Alexis Mac Allister
73%
Dominik Szoboszlai
73%
Cody Gakpo
72%
Harvey Elliot
72%
Loris Karius
72%
Divock Origi
70%
Ibrahima Konate
70%
Thiago Alcantara
70%
Joe Gomez
69%
Peter Crouch
69%
Curtis Jones
68%
Naby Keita
68%
Raheem Sterling
67%
Adam Lallana
66%
Federico Chiesa
66%
Michael Owen
63%
Jamie Carragher
60%
Pepe Reina
60%
Ian Rush
58%
Kenny Dalglish
58%
Dejan Lovren
57%
Nathaniel Clyne
52%
Nie znaleziono quizów pasujących do podanych kryteriów
Rozkład punktacji
Procent ludzi z każdym wynikiem
Percentyl według liczby udzielonych odpowiedzi
Twoja historia wyników
Nie rozwiązałeś tego quizu